[Event "POL-ch (Women)"]
[Site "Warsaw"]
[Date "1995.??.??"]
[Round "3"]
[White "Gazik, Renata"]
[Black "Guzkowska, Magdalena"]
[Result "1-0"]
[WhiteElo "2160"]
[BlackElo "2155"]
[PlyCount "70"]
[EventDate "1995.??.??"]
[EventType "tourn"]
[EventRounds "13"]
[EventCountry "POL"]
[SourceTitle "EXT 1999"]
[Source "ChessBase"]
[SourceDate "1998.11.16"]
[SourceVersion "1"]
[SourceVersionDate "1998.11.16"]
[SourceQuality "1"]

1. d4 d5 2. Nf3 c6 3. c4 e6 4. Nc3 Bd6 5. e4 Ne7 6. Be2 Bb4 7. Qc2 dxc4 8. Bxc4 Nd7 9. 0-0 0-0 10. Rd1 Qa5 11. Bd2 Nb6 12. Be2 Nd7 13. a3 Bxc3 14. Bxc3 Qc7 15. Rac1 Nb6 16. b4 Bd7 17. a4 Rac8 18. a5 Na8 19. Qb2 f6 20. Bc4 Ng6 21. Qb3 Rfe8 22. Bb2 Qf4 23. d5 cxd5 24. exd5 e5 25. d6+ Kh8 26. Bf7 e4 27. Bxe8 Rxe8 28. Nd4 Ne5 29. Ne2 Qg4 30. Bxe5 Rxe5 31. Qf7 h6 32. Nf4 Qxf4 33. Qxd7 e3 34. fxe3 Qxe3+ 35. Kh1 Kh7 1-0

[Event "POL-ch (Women)"]
[Site "Warsaw"]
[Date "1995.??.??"]
[Round "8"]
[White "Guzkowska, Magdalena"]
[Black "Bartosik, Olimpia"]
[Result "1-0"]
[WhiteElo "2155"]
[BlackElo "2145"]
[PlyCount "97"]
[EventDate "1995.??.??"]
[EventType "tourn"]
[EventRounds "13"]
[EventCountry "POL"]
[SourceTitle "EXT 1999"]
[Source "ChessBase"]
[SourceDate "1998.11.16"]
[SourceVersion "1"]
[SourceVersionDate "1998.11.16"]
[SourceQuality "1"]

1. d4 d5 2. c4 c6 3. Nc3 Nf6 4. Nf3 e6 5. cxd5 exd5 6. Qc2 Be7 7. Bg5 0-0 8. e3 Ne4 9. Bxe7 Qxe7 10. Bd3 f5 11. 0-0 Nd7 12. Rab1 Rf6 13. Rfc1 Rh6 14. b4 g5 15. b5 g4 16. Bxe4 fxe4 17. Nd2 Nf8 18. Nf1 Ng6 19. Ne2 Nh4 20. bxc6 bxc6 21. Qa4 Qg5 22. Nf4 Rf6 23. Ng3 Rd6 24. Qa5 Qe7 25. Rc5 Qd7 26. Rc2 Kh8 27. Rcb2 a6 28. Rb8 Rxb8 29. Rxb8 Kg7 30. Nxe4 dxe4 31. Rxc8 Qxc8 32. Qe5+ Kf7 33. Qxd6 Qb7 34. Qe6+ Kf8 35. Qb3 Qxb3 36. axb3 Ke7 37. Ne2 Kd6 38. Nc3 Nf5 39. Nxe4+ Kc7 40. Kf1 Kb6 41. Ke2 Kb5 42. Nc5 a5 43. Kd3 Kb4 44. e4 Nh4 45. g3 Nf3 46. e5 Nxe5+ 47. dxe5 Kxc5 48. Ke4 h6 49. Kf5 1-0

[Event "POL-ch (Women)"]
[Site "Warsaw"]
[Date "1995.??.??"]
[Round "13"]
[White "Guzkowska, Magdalena"]
[Black "Dabrowska, Krystyna"]
[Result "1/2-1/2"]
[WhiteElo "2155"]
[BlackElo "2305"]
[PlyCount "91"]
[EventDate "1995.??.??"]
[EventType "tourn"]
[EventRounds "13"]
[EventCountry "POL"]
[SourceTitle "EXT 1999"]
[Source "ChessBase"]
[SourceDate "1998.11.16"]
[SourceVersion "1"]
[SourceVersionDate "1998.11.16"]
[SourceQuality "1"]

1. c4 Nf6 2. g3 e6 3. Bg2 d5 4. d4 Be7 5. Nc3 0-0 6. Nf3 b6 7. cxd5 exd5 8. 0-0 Bb7 9. Ne5 Nbd7 10. Nd3 c5 11. Nf4 cxd4 12. Qxd4 Bc5 13. Qd1 Ne4 14. Nfxd5 Nxc3 15. Nxc3 Bxg2 16. Kxg2 Qe7 17. Qd5 Nf6 18. Qf3 Rfe8 19. Bg5 Rad8 20. Rad1 Qe5 21. Bxf6 Qxf6 22. Qxf6 gxf6 23. e3 Kg7 24. Kf3 Bd6 25. Rd3 Be5 26. Rfd1 Rc8 27. Nb5 Rc2 28. R3d2 Rxb2 29. Nxa7 Ra8 30. Rxb2 Bxb2 31. Rd7 Ba3 32. Ke4 Bb4 33. Kd5 Be1 34. f3 Re8 35. e4 Re5+ 36. Kc6 Ra5 37. Kxb6 Rxa2 38. Nb5 Rxh2 39. Nd6 Kg6 40. g4 Rf2 41. Nxf7 Rxf3 42. Nh8+ Kg5 43. Rxh7 Kxg4 44. Re7 Re3 45. Nf7 Kf4 46. e5 1/2-1/2